000
00240 a2200109 4500
001
76383
082
_a
531 TIR
090
_c
39136
_d
39136
100
_a
SMA Tirmizi
245
_a
Mechanics
_h
English
260
_a
Lahore
_b
Sh. Ghulam Ali & Sons
942
_a
CAE NUST
_k
531 TIR
999
_c
311456
_d
311456